Rüyadan imparatorluğa Osmanlı : (Record no. 14003)

MARC details
000 -BAŞLIK
Sabit Uzunlukta Kontrol Alanı 01033nam a2200277 4500
999 ## - SİSTEM KONTROL NUMARALARI (KOHA)
Koha Biblionumber 14003
Koha Biblioitemnumber 14003
003 - KONTROL NUMARASI IDENTIFIER
Denetim Alanı MIRAKIL
005 - SON İŞLEM TARİHİ VE ZAMANI
Denetim Alanı 20200827170407.0
008 - SABİT-BOY VERİ ELEMANLARI - GENEL BİLGİLER
Sabit Uzunlukta Kontrol Alanı 200827b tu ||||| |||| 00| 0 tur d
020 ## - ULUSLARARASI STANDART KİTAP NUMARASI
Uluslararası Standart Kitap Numarası 9789752635104
040 ## - KATALOGLAMA KAYNAK
Orijinal Kataloglama Ajansı TR-AnCHP
Metne Dönüştürmek Ajansı TR-AnCHP
041 ## - DİL KODU
Metin / Ses Parça Veya Ayrı Başlığın Dil Kodu tur
082 ## - DEWEY ONLU SINIFLANDIRMA NUMARASI
Sınıflandırma Numarası 956.1015
Ürün Numarası F55r 2007
100 ## - ANA GİRİŞ - KİŞİSEL İSİM
Kişisel Ad Finkel, Caroline
245 10 - BAŞLIK TABLOSU
Başlık Rüyadan imparatorluğa Osmanlı :
Başlığın Kalan Osmanlı İmparatorluğu'nun öyküsü 1300-1923 /
Sorumluluk Tablosu, Vb Caroline Finkel ; çeviri: Zülal Kılıç.
246 ## - UNVAN FORM VARYING
Başlık Doğru / Kısa Başlığı Osmanlı İmparatorluğu'nun öyküsü 1300-1923
250 ## - EDITION TABLOSU
Baskı Beyanı 2 bs.
260 ## - YAYIN, DAĞITIM, VB
Yayın, Dağıtım, Vb Yeri İstanbul:
Yayıncı, Dağıtıcı, Vs Adı Timaş Yayınları,
Yayın, Dağıtım, Vb Tarihi 2007.
300 ## - FİZİKSEL TANIM
Kapsam 612 s.:
Diğer Fiziksel Ayrıntıları fotğ.;
Boyutlar 24 sm.
490 0# - SERİSİ TABLOSU
Seri Beyanı Timaş Yayınları ;
-- Popüler tarih ;
Hacim / Ardışık Tanımı 1590.
-- 18.
504 ## - KAYNAKÇA VB NOT
Kaynakça Vb Notu Kaynakça ve dizin vardır.
650 #0 - KONU KATMA GİRİŞ - TOPİKAL DÖNEM
9 (RLIN) 710
Topikal Süreli Veya Coğrafi Ad Giriş Elemanı Osmanlı İmparatorluğu
Genel Alt Bölümü Tarih
Kronolojik Alt Bölümü 1300-1923
651 #0 - KONU KATMA GİRİŞ - COĞRAFİ ADI
9 (RLIN) 5416
Coğrafi İsim Türkiye
Genel Alt Bölümü Tarih
-- Osmanlı İmparatorluğu
Kronolojik Alt Bölümü 1300-1923
700 ## - KATMA GİRİŞ - KİŞİSEL İSİM
9 (RLIN) 6480
Kişisel Ad Kılıç, Zülal
Relator Terim çev.
740 ## - KATMA GİRİŞ - KONTROLSUZ İLGİLİ / ANALİTİK BAŞLIK
Kontrol Edilmeyen / İlgili Analitik Başlıktaki Osmanlı İmparatorluğu'nun öyküsü 1300-1923
942 ## - EKLENDİ GİRİŞ ELEMANLARI (KOHA)
Sınıflandırma Veya Raf Düzeni Kaynak Dewey Decimal Classification
Koha Öğesi Türü Books
Holdings
Kalıcı Konum Mevcut Konum Edinme Tarihi Toplam Check-Out'Lar Tam Çağrı Numarası Barkod Tarih Son Görülme İtibaren Geçerli Fiyatlar Sigara Kamu Notu Koha Öğesi Türü
CHP Kütüphanesi CHP Kütüphanesi 08/27/2020   956.1015 F55r 2007 019495 08/27/2020 08/27/2020 Emine Başak Alkan Bağışıdır. Books